01153nab a22002417a 4500999001500000003000400015005001700019008004100036040000700077100003400084245012800118260007300246300001400319500007100333505016200404505008900566650003500655650001800690650003000708650002200738773013800760942001300898 c5643d5643OSt20251226212529.0190603e xxum|||| |||| 00| 0 spa d cPJ 96610aDi Lella, Nicolás J. 10aPersona humana vulnerable sobreendeudada. Cuestiones actuales jurisdiccionales y administrativas /cNicolás J. Di Lella.  cCiudad Autónoma de Buenos Aires :aThomson Reuters La Ley, b2025. ap. 77-106 aCita: TR LALEY AR/DOC/1078/2025 Publicado en: RCCyC 2025 (junio). aSumario: I. Preliminar.— II. Cuestiones jurisdiccionales.— III. Faceta administrativa.— IV. Consideraciones finales. Urgente necesidad de una reforma.  t¿Te interesa el texto completo? Solicitalo al correo: koha@justierradelfuego.gov.ar 091497aCODIGO CIVIL Y COMERCIAL 091739aQUIEBRA 091753aCONCURSO PREVENTIVO 0aDERECHO CONCURSAL0 0271393170dCiudad Autónoma de Buenos Aires : Thomson Reuters La Ley, 2015-tRevista Código Civil y Comercial. Nº 3 - Junio 2025 2udccANA